000 00591cam a2200229 i 4500
001 2263922
005 20180227054721.0
008 780821s1979 nyua b 001 0 eng
010 _a 78012041
020 _a006045279X
040 _aDLC
_cDLC
_dDLC
041 _aeng
043 _an-us---
080 _a320.973
082 0 0 _a320.973 PRE
100 1 _a20
101 _aSHP
245 1 3 _aAn introduction to American Government /
_cKenneth Prewitt, Sidney Verba.
504 _aBibliography: p. 626-632.
906 _a7
_bcbc
_corignew
_d1
_eocip
_f19
_gy-gencatlg
942 _2ddc
_cBK
999 _c43584
_d43584